[Event "DVM U12 2022"]
[Site "München GER"]
[Date "2022.12.30"]
[Round "7"]
[White "Jung, Niklas"]
[Black "Allen, Phillipp"]
[Result "0-1"]
[Termination "normal"]
[Board "5.2"]
[WhiteElo "1426"]
[BlackElo "1588"]
[WhiteClock "00:10:38"]
[BlackClock "00:06:26"]
[WhiteTeam "SC Untergrombach 46"]
[BlackTeam "SV Erkenschwick 1923"]
[PlyCount "92"]
[WhiteFideId "16280601"]
[BlackFideId "16272846"]
[EventCountry "GER"]
[EventRounds "7"]
[EventType "team-swiss"]
[EventDate "2022.12.26"]

1. e4 {[%clk 01:30:57]} {[%emt 00:00:03]} e5 {[%clk 01:30:50]} {[%emt
00:00:11]} 2. Nf3 {[%clk 01:31:20]} {[%emt 00:00:06]} Nf6 {[%clk 01:31:03]}
{[%emt 00:00:17]} 3. Nxe5 {[%clk 01:31:34]} {[%emt 00:00:16]} d6 {[%clk
01:31:26]} {[%emt 00:00:08]} 4. Nf3 {[%clk 01:31:26]} {[%emt 00:00:08]} Nxe4
{[%clk 01:31:53]} {[%emt 00:00:03]} 5. d4 {[%clk 01:32:06]} {[%emt 00:00:19]}
d5 {[%clk 01:31:52]} {[%emt 00:00:32]} 6. Bd3 {[%clk 01:32:20]} {[%emt
00:00:15]} Bf5 {[%clk 01:31:34]} {[%emt 00:00:49]} 7. O-O {[%clk 01:32:17]}
{[%emt 00:00:33]} Bd6 {[%clk 01:31:49]} {[%emt 00:00:15]} 8. Re1 {[%clk
01:31:10]} {[%emt 00:01:36]} O-O {[%clk 01:32:00]} {[%emt 00:00:19]} 9. Nbd2
{[%clk 01:26:36]} {[%emt 00:05:04]} Re8 {[%clk 01:31:50]} {[%emt 00:00:40]} 10.
Nf1 {[%clk 01:23:08]} {[%emt 00:03:59]} Nd7 {[%clk 01:30:49]} {[%emt 00:01:32]}
11. Ng3 {[%clk 01:21:59]} {[%emt 00:01:37]} Bg6 {[%clk 01:28:38]} {[%emt
00:02:41]} 12. c3 {[%clk 01:15:54]} {[%emt 00:06:35]} c6 {[%clk 01:23:49]}
{[%emt 00:05:20]} 13. Qc2 {[%clk 01:11:47]} {[%emt 00:04:37]} Ndf6 {[%clk
01:23:49]} {[%emt 00:00:30]} 14. Bg5 {[%clk 00:54:30]} {[%emt 00:17:46]} Qc7
{[%clk 01:19:13]} {[%emt 00:05:07]} 15. Bxf6 {[%clk 00:53:23]} {[%emt
00:01:36]} Bxg3 {[%clk 01:18:55]} {[%emt 00:00:48]} 16. hxg3 {[%clk 00:52:09]}
{[%emt 00:01:43]} Nxf6 {[%clk 01:18:45]} {[%emt 00:00:41]} 17. Bxg6 {[%clk
00:52:10]} {[%emt 00:00:29]} hxg6 {[%clk 01:19:03]} {[%emt 00:00:12]} 18. Ne5
{[%clk 00:50:03]} {[%emt 00:02:37]} Nd7 {[%clk 01:00:48]} {[%emt 00:18:45]} 19.
Nxd7 {[%clk 00:49:26]} {[%emt 00:01:07]} Qxd7 {[%clk 01:00:50]} {[%emt
00:00:29]} 20. Qd3 {[%clk 00:44:52]} {[%emt 00:05:01]} Re6 {[%clk 00:58:17]}
{[%emt 00:03:06]} 21. Qd2 {[%clk 00:43:00]} {[%emt 00:02:21]} Rae8 {[%clk
00:55:53]} {[%emt 00:02:54]} 22. Rxe6 {[%clk 00:35:43]} {[%emt 00:07:46]} Qxe6
{[%clk 00:52:57]} {[%emt 00:03:27]} 23. Kf1 {[%clk 00:34:58]} {[%emt 00:01:15]}
f6 {[%clk 00:52:12]} {[%emt 00:01:15]} 24. Re1 {[%clk 00:34:01]} {[%emt
00:01:25]} Qxe1 {[%clk 00:52:18]} {[%emt 00:00:26]} 25. Qxe1 {[%clk 00:34:24]}
{[%emt 00:00:07]} Rxe1 {[%clk 00:52:16]} {[%emt 00:00:33]} 26. Kxe1 {[%clk
00:34:52]} {[%emt 00:00:02]} g5 {[%clk 00:51:11]} {[%emt 00:01:34]} 27. g4
{[%clk 00:34:26]} {[%emt 00:00:55]} g6 {[%clk 00:51:19]} {[%emt 00:00:23]} 28.
f3 {[%clk 00:29:08]} {[%emt 00:05:48]} f5 {[%clk 00:51:14]} {[%emt 00:00:36]}
29. Kf2 {[%clk 00:27:04]} {[%emt 00:02:33]} Kf7 {[%clk 00:50:48]} {[%emt
00:00:57]} 30. gxf5 {[%clk 00:26:42]} {[%emt 00:00:51]} gxf5 {[%clk 00:51:00]}
{[%emt 00:00:18]} 31. Ke3 {[%clk 00:26:11]} {[%emt 00:01:01]} f4 {[%clk
00:29:22]} {[%emt 00:22:09]} 32. Kd3 {[%clk 00:26:05]} {[%emt 00:00:35]} Kf6
{[%clk 00:27:11]} {[%emt 00:02:42]} 33. Ke2 {[%clk 00:25:18]} {[%emt 00:01:16]}
b6 {[%clk 00:16:17]} {[%emt 00:11:25]} 34. b4 {[%clk 00:19:59]} {[%emt
00:05:49]} b5 {[%clk 00:16:13]} {[%emt 00:00:35]} 35. Kd3 {[%clk 00:20:00]}
{[%emt 00:00:28]} Kf5 {[%clk 00:08:10]} {[%emt 00:08:33]} 36. Ke2 {[%clk
00:20:18]} {[%emt 00:00:12]} Ke6 {[%clk 00:05:54]} {[%emt 00:02:47]} 37. Kd3
{[%clk 00:20:31]} {[%emt 00:00:17]} Kf6 {[%clk 00:05:45]} {[%emt 00:00:39]} 38.
Ke2 {[%clk 00:20:52]} {[%emt 00:00:08]} Kf5 {[%clk 00:05:46]} {[%emt 00:00:30]}
39. Kf2 {[%clk 00:20:17]} {[%emt 00:01:04]} g4 {[%clk 00:06:02]} {[%emt
00:00:14]} 40. Kf1 {[%clk 00:19:38]} {[%emt 00:01:09]} Kg5 {[%clk 00:05:56]}
{[%emt 00:00:36]} 41. Kg1 {[%clk 00:17:30]} {[%emt 00:02:38]} Kh4 {[%clk
00:05:35]} {[%emt 00:00:50]} 42. Kh2 {[%clk 00:17:10]} {[%emt 00:00:51]} Kg5
{[%clk 00:05:43]} {[%emt 00:00:22]} 43. Kg1 {[%clk 00:17:18]} {[%emt 00:00:21]}
Kh5 {[%clk 00:05:53]} {[%emt 00:00:19]} 44. Kh2 {[%clk 00:17:39]} {[%emt
00:00:10]} Kh4 {[%clk 00:05:58]} {[%emt 00:00:24]} 45. Kg1 {[%clk 00:15:39]}
{[%emt 00:02:31]} gxf3 {[%clk 00:06:09]} {[%emt 00:00:20]} 46. gxf3 {[%clk
00:10:38]} {[%emt 00:05:30]} Kg3 {[%clk 00:06:26]} {[%emt 00:00:13]} 0-1

[Event "DVM U12 2022"]
[Site "München GER"]
[Date "2022.12.30"]
[Round "7"]
[White "Schwitkowski, Luka"]
[Black "Wettstein, Levin"]
[Result "1-0"]
[Termination "normal"]
[Board "5.3"]
[WhiteElo "1539"]
[BlackElo "1193"]
[WhiteClock "00:45:32"]
[BlackClock "00:37:25"]
[WhiteTeam "SV Erkenschwick 1923"]
[BlackTeam "SC Untergrombach 46"]
[PlyCount "87"]
[WhiteFideId "34610669"]
[BlackFideId "34635866"]
[EventCountry "GER"]
[EventRounds "7"]
[EventType "team-swiss"]
[EventDate "2022.12.26"]

1. c4 {[%clk 01:30:38]} {[%emt 00:00:22]} e6 {[%clk 01:30:51]} {[%emt
00:00:10]} 2. Nf3 {[%clk 01:31:02]} {[%emt 00:00:06]} Nf6 {[%clk 01:30:55]}
{[%emt 00:00:25]} 3. g3 {[%clk 01:31:19]} {[%emt 00:00:13]} d5 {[%clk
01:30:48]} {[%emt 00:00:37]} 4. d4 {[%clk 01:31:42]} {[%emt 00:00:07]} Bb4
{[%clk 01:30:18]} {[%emt 00:01:00]} 5. Bd2 {[%clk 01:32:02]} {[%emt 00:00:10]}
Be7 {[%clk 01:30:33]} {[%emt 00:00:15]} 6. Bg2 {[%clk 01:32:24]} {[%emt
00:00:07]} O-O {[%clk 01:30:33]} {[%emt 00:00:30]} 7. O-O {[%clk 01:32:49]}
{[%emt 00:00:06]} dxc4 {[%clk 01:30:08]} {[%emt 00:00:54]} 8. Qc2 {[%clk
01:32:46]} {[%emt 00:00:33]} Nc6 {[%clk 01:27:57]} {[%emt 00:02:42]} 9. Qxc4
{[%clk 01:32:53]} {[%emt 00:00:22]} Qd5 {[%clk 01:24:38]} {[%emt 00:03:50]} 10.
Qxd5 {[%clk 01:26:31]} {[%emt 00:06:52]} exd5 {[%clk 01:22:39]} {[%emt
00:02:29]} 11. a3 {[%clk 01:26:24]} {[%emt 00:00:37]} Bg4 {[%clk 01:20:11]}
{[%emt 00:02:57]} 12. Bc3 {[%clk 01:22:00]} {[%emt 00:04:54]} Rfd8 {[%clk
01:17:33]} {[%emt 00:03:09]} 13. e3 {[%clk 01:22:08]} {[%emt 00:00:21]} Bd6
{[%clk 01:13:59]} {[%emt 00:04:04]} 14. Nbd2 {[%clk 01:22:03]} {[%emt
00:00:35]} Ne7 {[%clk 01:12:48]} {[%emt 00:01:41]} 15. h3 {[%clk 01:19:48]}
{[%emt 00:02:46]} Bd7 {[%clk 01:09:48]} {[%emt 00:03:30]} 16. Rac1 {[%clk
01:18:05]} {[%emt 00:02:13]} a5 {[%clk 01:05:46]} {[%emt 00:04:31]} 17. Ne5
{[%clk 01:14:08]} {[%emt 00:04:27]} b6 {[%clk 01:03:49]} {[%emt 00:02:28]} 18.
Ndf3 {[%clk 01:13:46]} {[%emt 00:00:51]} c5 {[%clk 01:01:38]} {[%emt 00:02:42]}
19. Rfd1 {[%clk 01:13:39]} {[%emt 00:00:36]} Ba4 {[%clk 01:00:25]} {[%emt
00:01:43]} 20. Re1 {[%clk 01:12:51]} {[%emt 00:01:05]} Ne4 {[%clk 00:56:21]}
{[%emt 00:04:47]} 21. Nd2 {[%clk 01:06:02]} {[%emt 00:07:15]} Nxd2 {[%clk
00:54:39]} {[%emt 00:02:16]} 22. Bxd2 {[%clk 01:05:55]} {[%emt 00:00:36]} f6
{[%clk 00:52:36]} {[%emt 00:02:34]} 23. Nd3 {[%clk 01:06:17]} {[%emt 00:00:08]}
Rdc8 {[%clk 00:50:09]} {[%emt 00:02:57]} 24. e4 {[%clk 00:53:20]} {[%emt
00:13:21]} dxe4 {[%clk 00:47:13]} {[%emt 00:03:32]} 25. Bxe4 {[%clk 00:53:02]}
{[%emt 00:01:02]} Rab8 {[%clk 00:46:39]} {[%emt 00:00:48]} 26. dxc5 {[%clk
00:50:32]} {[%emt 00:03:01]} Bxc5 {[%clk 00:45:39]} {[%emt 00:01:30]} 27. Nxc5
{[%clk 00:50:42]} {[%emt 00:00:20]} bxc5 {[%clk 00:45:10]} {[%emt 00:00:59]}
28. Bc3 {[%clk 00:51:00]} {[%emt 00:00:12]} Rb5 {[%clk 00:43:46]} {[%emt
00:01:54]} 29. Bd3 {[%clk 00:48:57]} {[%emt 00:02:33]} c4 {[%clk 00:43:35]}
{[%emt 00:00:41]} 30. Bxh7 {[%clk 00:47:45]} {[%emt 00:01:42]} Kxh7 {[%clk
00:43:26]} {[%emt 00:00:40]} 31. Rxe7 {[%clk 00:48:07]} {[%emt 00:00:08]} Rh5
{[%clk 00:42:26]} {[%emt 00:01:29]} 32. h4 {[%clk 00:47:38]} {[%emt 00:01:00]}
Rf8 {[%clk 00:40:14]} {[%emt 00:02:41]} 33. Rce1 {[%clk 00:47:45]} {[%emt
00:00:22]} Kh6 {[%clk 00:38:47]} {[%emt 00:01:59]} 34. Ra7 {[%clk 00:45:24]}
{[%emt 00:02:46]} g5 {[%clk 00:38:14]} {[%emt 00:01:07]} 35. Ree7 {[%clk
00:44:44]} {[%emt 00:01:10]} gxh4 {[%clk 00:37:51]} {[%emt 00:00:54]} 36. Rh7
{[%clk 00:45:12]} {[%emt 00:00:01]} Kg6 {[%clk 00:37:17]} {[%emt 00:01:05]} 37.
Rag7 {[%clk 00:45:38]} {[%emt 00:00:04]} Kf5 {[%clk 00:37:32]} {[%emt
00:00:15]} 38. Rxh5 {[%clk 00:46:06]} {[%emt 00:00:01]} Ke6 {[%clk 00:37:46]}
{[%emt 00:00:16]} 39. Rxh4 {[%clk 00:46:19]} {[%emt 00:00:18]} Rd8 {[%clk
00:37:17]} {[%emt 00:00:58]} 40. Re4 {[%clk 00:44:28]} {[%emt 00:02:21]} Kf5
{[%clk 00:37:26]} {[%emt 00:00:22]} 41. Rf4 {[%clk 00:44:56]} {[%emt 00:00:01]}
Ke6 {[%clk 00:37:24]} {[%emt 00:00:33]} 42. Re4 {[%clk 00:44:43]} {[%emt
00:00:43]} Kf5 {[%clk 00:37:36]} {[%emt 00:00:17]} 43. f3 {[%clk 00:45:11]}
{[%emt 00:00:02]} Bc6 {[%clk 00:37:25]} {[%emt 00:00:41]} 44. g4# {[%clk
00:45:32]} {[%emt 00:00:09]} 1-0

[Event "DVM U12 2022"]
[Site "München GER"]
[Date "2022.12.30"]
[Round "7"]
[White "Wenzel, Jonathan"]
[Black "Al Marawi, Yousef"]
[Result "1/2-1/2"]
[Termination "normal"]
[Board "5.4"]
[WhiteElo "1031"]
[BlackElo "1545"]
[WhiteClock "00:40:46"]
[BlackClock "00:33:01"]
[WhiteTeam "SC Untergrombach 46"]
[BlackTeam "SV Erkenschwick 1923"]
[PlyCount "60"]
[WhiteFideId "34640568"]
[BlackFideId "34607420"]
[EventCountry "GER"]
[EventRounds "7"]
[EventType "team-swiss"]
[EventDate "2022.12.26"]

1. e4 {[%clk 01:30:30]} {[%emt 00:00:25]} e6 {[%clk 01:30:59]} {[%emt
00:00:07]} 2. d4 {[%clk 01:30:41]} {[%emt 00:00:13]} d5 {[%clk 01:31:28]}
{[%emt 00:00:07]} 3. exd5 {[%clk 01:30:49]} {[%emt 00:00:13]} exd5 {[%clk
01:31:56]} 4. Bd3 {[%clk 01:30:42]} {[%emt 00:00:43]} Bd6 {[%clk 01:32:14]}
{[%emt 00:00:16]} 5. Nf3 {[%clk 01:30:17]} {[%emt 00:00:49]} Nf6 {[%clk
01:32:43]} {[%emt 00:00:07]} 6. O-O {[%clk 01:27:07]} {[%emt 00:03:40]} O-O
{[%clk 01:33:05]} {[%emt 00:00:08]} 7. Bg5 {[%clk 01:24:20]} {[%emt 00:03:13]}
Bg4 {[%clk 01:32:43]} {[%emt 00:00:56]} 8. Nbd2 {[%clk 01:20:15]} {[%emt
00:04:29]} Nbd7 {[%clk 01:31:39]} {[%emt 00:01:41]} 9. c3 {[%clk 01:17:52]}
{[%emt 00:02:52]} c6 {[%clk 01:30:32]} {[%emt 00:01:36]} 10. h3 {[%clk
01:14:18]} {[%emt 00:04:03]} Be6 {[%clk 01:25:13]} {[%emt 00:05:50]} 11. Qc2
{[%clk 01:09:55]} {[%emt 00:04:54]} Qc7 {[%clk 01:24:03]} {[%emt 00:01:40]} 12.
c4 {[%clk 01:02:34]} {[%emt 00:07:52]} dxc4 {[%clk 01:15:14]} {[%emt 00:09:19]}
13. Bxc4 {[%clk 00:59:47]} {[%emt 00:03:15]} Rfe8 {[%clk 01:08:40]} {[%emt
00:07:05]} 14. Bxe6 {[%clk 00:51:25]} {[%emt 00:08:52]} Rxe6 {[%clk 01:06:32]}
{[%emt 00:02:37]} 15. Nc4 {[%clk 00:45:43]} {[%emt 00:06:00]} Bf4 {[%clk
01:00:35]} {[%emt 00:06:39]} 16. Bxf4 {[%clk 00:44:34]} {[%emt 00:01:38]} Qxf4
{[%clk 01:00:59]} {[%emt 00:00:07]} 17. Qd2 {[%clk 00:41:24]} {[%emt 00:03:40]}
Qxd2 {[%emt 00:02:59]} 18. Ncxd2 {[%clk 00:41:35]} {[%emt 00:00:16]} Re2 {[%clk
00:57:19]} {[%emt 00:01:43]} 19. Rfe1 {[%clk 00:41:12]} {[%emt 00:00:49]} Rae8
{[%clk 00:56:48]} {[%emt 00:01:05]} 20. Rxe2 {[%clk 00:41:26]} {[%emt
00:00:17]} Rxe2 {[%clk 00:57:07]} {[%emt 00:00:11]} 21. Re1 {[%clk 00:41:40]}
{[%emt 00:00:12]} Rxe1 {[%clk 00:57:22]} {[%emt 00:00:19]} 22. Nxe1 {[%clk
00:41:57]} {[%emt 00:00:07]} Nb6 {[%clk 00:55:44]} {[%emt 00:02:13]} 23. Kf1
{[%clk 00:41:26]} {[%emt 00:00:59]} Kf8 {[%clk 00:55:39]} {[%emt 00:00:38]} 24.
b3 {[%clk 00:41:37]} {[%emt 00:00:19]} Ke7 {[%clk 00:56:01]} {[%emt 00:00:09]}
25. Ke2 {[%clk 00:41:47]} {[%emt 00:00:20]} Kd6 {[%clk 00:55:16]} {[%emt
00:01:15]} 26. Kd3 {[%clk 00:41:57]} {[%emt 00:00:18]} Kd5 {[%clk 00:54:48]}
{[%emt 00:00:59]} 27. Nc4 {[%clk 00:42:05]} {[%emt 00:00:23]} Nbd7 {[%clk
00:53:39]} {[%emt 00:01:37]} 28. Nf3 {[%clk 00:41:22]} {[%emt 00:01:11]} h6
{[%clk 00:47:33]} {[%emt 00:06:40]} 29. Nfe5 {[%clk 00:40:49]} {[%emt
00:01:03]} Nxe5 {[%clk 00:33:01]} {[%emt 00:15:01]} 30. Nxe5 {[%clk 00:40:46]}
{[%emt 00:00:33]} Nh5 {[%emt 00:06:39]} 1/2-1/2

[Event "DVM U12 2022"]
[Site "München GER"]
[Date "2022.12.30"]
[Round "7"]
[White "Park, Manuel"]
[Black "Meusel, Theodor"]
[Result "1-0"]
[Termination "normal"]
[Board "6.1"]
[WhiteElo "1491"]
[BlackElo "1449"]
[WhiteClock "00:25:22"]
[BlackClock "00:04:06"]
[WhiteTeam "SC Kirchheim/Teck"]
[BlackTeam "TSG Oberschöneweide"]
[PlyCount "93"]
[WhiteFideId "34629114"]
[BlackFideId "34617116"]
[EventCountry "GER"]
[EventRounds "7"]
[EventType "team-swiss"]
[EventDate "2022.12.26"]

1. e4 {[%clk 01:30:32]} {[%emt 00:00:28]} e6 {[%clk 01:30:52]} {[%emt
00:00:08]} 2. d3 {[%clk 01:30:56]} {[%emt 00:00:07]} d5 {[%clk 01:30:47]}
{[%emt 00:00:34]} 3. Nd2 {[%clk 01:31:18]} {[%emt 00:00:09]} Nf6 {[%clk
01:29:48]} {[%emt 00:01:30]} 4. e5 {[%clk 01:31:14]} {[%emt 00:00:33]} Nfd7
{[%clk 01:29:54]} {[%emt 00:00:24]} 5. Qe2 {[%clk 01:31:39]} {[%emt 00:00:05]}
Nc6 {[%clk 01:29:13]} {[%emt 00:01:10]} 6. Ngf3 {[%clk 01:31:52]} {[%emt
00:00:18]} Be7 {[%clk 01:27:06]} {[%emt 00:02:38]} 7. g3 {[%clk 01:30:37]}
{[%emt 00:01:45]} b6 {[%clk 01:25:22]} {[%emt 00:02:14]} 8. Bg2 {[%clk
01:30:42]} {[%emt 00:00:25]} Ba6 {[%clk 01:23:16]} {[%emt 00:02:35]} 9. O-O
{[%clk 01:30:13]} {[%emt 00:01:00]} O-O {[%clk 01:21:40]} {[%emt 00:02:05]} 10.
Nb3 {[%clk 01:29:22]} {[%emt 00:01:21]} Re8 {[%clk 01:19:08]} {[%emt 00:03:02]}
11. Nbd4 {[%clk 01:29:02]} {[%emt 00:00:50]} Ndxe5 {[%clk 01:13:28]} {[%emt
00:06:11]} 12. Nxe5 {[%clk 01:26:24]} {[%emt 00:03:08]} Nxd4 {[%clk 01:13:31]}
{[%emt 00:00:26]} 13. Qd1 {[%clk 01:26:53]} {[%emt 00:00:02]} Bd6 {[%clk
01:07:05]} {[%emt 00:06:51]} 14. f4 {[%clk 01:26:54]} {[%emt 00:00:35]} Qe7
{[%clk 00:57:13]} {[%emt 00:10:15]} 15. c3 {[%clk 01:25:27]} {[%emt 00:02:03]}
Nf5 {[%clk 00:55:01]} {[%emt 00:02:41]} 16. Re1 {[%clk 01:16:38]} {[%emt
00:09:20]} Rac8 {[%clk 00:50:13]} {[%emt 00:05:16]} 17. Qa4 {[%clk 01:14:04]}
{[%emt 00:03:06]} Bxe5 {[%clk 00:46:57]} {[%emt 00:03:46]} 18. Qxa6 {[%clk
01:13:45]} {[%emt 00:00:49]} Bf6 {[%clk 00:44:55]} {[%emt 00:02:32]} 19. g4
{[%clk 01:11:18]} {[%emt 00:02:57]} Nh4 {[%clk 00:42:24]} {[%emt 00:03:01]} 20.
g5 {[%clk 01:11:39]} {[%emt 00:00:10]} Bxc3 {[%clk 00:40:11]} {[%emt 00:02:42]}
21. bxc3 {[%clk 01:11:48]} {[%emt 00:00:20]} Qc5 {[%clk 00:40:08]} {[%emt
00:00:33]} 22. Be3 {[%clk 01:11:04]} {[%emt 00:01:15]} Qxc3 {[%clk 00:40:05]}
{[%emt 00:00:31]} 23. Rac1 {[%clk 01:11:00]} {[%emt 00:00:36]} Qb2 {[%clk
00:39:32]} {[%emt 00:01:02]} 24. Bf2 {[%clk 01:09:49]} {[%emt 00:01:43]} Nxg2
{[%clk 00:38:18]} {[%emt 00:01:44]} 25. Kxg2 {[%clk 01:10:14]} {[%emt
00:00:05]} Qb4 {[%clk 00:37:10]} {[%emt 00:01:24]} 26. d4 {[%clk 01:10:18]}
{[%emt 00:00:40]} Qd6 {[%clk 00:36:56]} {[%emt 00:00:41]} 27. Bg3 {[%clk
01:09:28]} {[%emt 00:01:23]} c5 {[%clk 00:31:26]} {[%emt 00:06:00]} 28. dxc5
{[%clk 01:07:17]} {[%emt 00:02:41]} Rxc5 {[%clk 00:30:32]} {[%emt 00:01:23]}
29. Qxa7 {[%clk 01:03:48]} {[%emt 00:04:00]} Qb8 {[%clk 00:21:33]} {[%emt
00:09:29]} 30. Qxb8 {[%clk 01:03:27]} {[%emt 00:00:51]} Rxb8 {[%clk 00:21:40]}
{[%emt 00:00:22]} 31. Bf2 {[%clk 00:54:24]} {[%emt 00:09:34]} Ra5 {[%clk
00:18:24]} {[%emt 00:03:46]} 32. Rc2 {[%clk 00:51:48]} {[%emt 00:03:06]} b5
{[%clk 00:16:57]} {[%emt 00:01:57]} 33. Bc5 {[%clk 00:41:48]} {[%emt 00:10:28]}
Ra4 {[%clk 00:13:47]} {[%emt 00:03:38]} 34. h3 {[%clk 00:42:03]} {[%emt
00:00:19]} Rc8 {[%clk 00:13:30]} {[%emt 00:00:46]} 35. Kg3 {[%clk 00:37:33]}
{[%emt 00:05:01]} b4 {[%clk 00:10:48]} {[%emt 00:03:11]} 36. Kg4 {[%clk
00:27:57]} {[%emt 00:10:07]} Ra5 {[%clk 00:08:52]} {[%emt 00:02:26]} 37. Rec1
{[%clk 00:27:14]} {[%emt 00:01:12]} h6 {[%clk 00:06:25]} {[%emt 00:02:57]} 38.
gxh6 {[%clk 00:26:16]} {[%emt 00:01:28]} gxh6 {[%clk 00:05:17]} {[%emt
00:01:39]} 39. Bxb4 {[%clk 00:26:33]} {[%emt 00:00:13]} Rxc2 {[%clk 00:04:43]}
{[%emt 00:01:04]} 40. Rxc2 {[%clk 00:27:00]} {[%emt 00:00:02]} Rb5 {[%clk
00:04:55]} {[%emt 00:00:18]} 41. a3 {[%clk 00:27:01]} {[%emt 00:00:30]} Kg7
{[%clk 00:03:04]} {[%emt 00:02:17]} 42. Rb2 {[%clk 00:26:58]} {[%emt 00:00:35]}
Kg6 {[%clk 00:03:20]} {[%emt 00:00:15]} 43. a4 {[%clk 00:25:30]} {[%emt
00:01:58]} Rb8 {[%clk 00:03:35]} {[%emt 00:00:15]} 44. a5 {[%clk 00:25:10]}
{[%emt 00:00:50]} d4 {[%clk 00:03:51]} {[%emt 00:00:14]} 45. a6 {[%clk
00:25:32]} {[%emt 00:00:08]} d3 {[%clk 00:04:02]} {[%emt 00:00:19]} 46. a7
{[%clk 00:25:52]} {[%emt 00:00:10]} d2 {[%clk 00:04:06]} {[%emt 00:00:26]} 47.
Rxd2 {[%clk 00:25:22]} {[%emt 00:01:01]} 1-0

[Event "DVM U12 2022"]
[Site "München GER"]
[Date "2022.12.30"]
[Round "7"]
[White "Ollhoff, Hannes"]
[Black "Krishnan, Vihaan"]
[Result "1/2-1/2"]
[Termination "normal"]
[Board "6.2"]
[WhiteElo "1247"]
[BlackElo "1519"]
[WhiteClock "00:16:38"]
[BlackClock "00:10:01"]
[WhiteTeam "TSG Oberschöneweide"]
[BlackTeam "SC Kirchheim/Teck"]
[PlyCount "52"]
[WhiteFideId "16266927"]
[BlackFideId "34633910"]
[EventCountry "GER"]
[EventRounds "7"]
[EventType "team-swiss"]
[EventDate "2022.12.26"]

1. d4 {[%emt 14:15:37]} d5 {[%emt 00:00:05]} 2. c4 {[%emt 00:00:13]} e6 {[%emt
00:00:04]} 3. Nc3 {[%emt 00:00:16]} Nf6 {[%emt 00:00:07]} 4. cxd5 {[%emt
00:00:52]} exd5 {[%emt 00:00:13]} 5. Bg5 {[%clk 01:31:16]} {[%emt 00:00:17]}
Be7 {[%clk 01:30:54]} {[%emt 00:01:37]} 6. Qc2 {[%clk 01:30:34]} {[%emt
00:01:12]} c6 {[%clk 01:29:37]} {[%emt 00:01:47]} 7. e3 {[%clk 01:29:53]}
{[%emt 00:01:11]} Nbd7 {[%clk 01:26:57]} {[%emt 00:03:11]} 8. Bd3 {[%clk
01:28:53]} {[%emt 00:01:29]} h6 {[%clk 01:10:40]} {[%emt 00:16:48]} 9. Bh4
{[%clk 01:28:23]} {[%emt 00:00:59]} Nb6 {[%clk 01:10:35]} {[%emt 00:00:36]} 10.
Nge2 {[%clk 01:24:01]} {[%emt 00:04:52]} Be6 {[%clk 01:05:19]} {[%emt
00:05:46]} 11. O-O {[%clk 01:19:29]} {[%emt 00:05:01]} O-O {[%clk 01:05:16]}
{[%emt 00:00:33]} 12. Rae1 {[%clk 01:17:56]} {[%emt 00:02:03]} Rc8 {[%clk
01:02:25]} {[%emt 00:03:22]} 13. f3 {[%clk 01:03:16]} {[%emt 00:15:09]} c5
{[%clk 00:59:24]} {[%emt 00:03:31]} 14. a3 {[%clk 00:53:40]} {[%emt 00:10:06]}
c4 {[%clk 00:35:10]} {[%emt 00:24:45]} 15. Bf5 {[%emt 00:09:28]} Bxf5 {[%clk
00:27:03]} 16. Qxf5 {[%clk 00:53:35]} {[%emt 00:00:12]} Qd7 {[%clk 00:26:00]}
{[%emt 00:01:34]} 17. Qxd7 {[%clk 00:48:05]} {[%emt 00:05:59]} Nbxd7 {[%clk
00:26:24]} {[%emt 00:00:06]} 18. e4 {[%clk 00:45:29]} {[%emt 00:03:06]} g5
{[%clk 00:25:41]} {[%emt 00:01:13]} 19. Bg3 {[%clk 00:44:20]} {[%emt 00:01:39]}
Rfd8 {[%clk 00:14:12]} {[%emt 00:11:59]} 20. e5 {[%clk 00:36:57]} {[%emt
00:07:54]} Nh5 {[%clk 00:11:52]} {[%emt 00:02:49]} 21. Nxd5 {[%clk 00:36:21]}
{[%emt 00:01:06]} Bf8 {[%clk 00:11:32]} {[%emt 00:00:50]} 22. f4 {[%clk
00:28:06]} {[%emt 00:08:46]} Nxe5 {[%clk 00:09:47]} {[%emt 00:02:15]} 23. Nf6
{[%clk 00:24:03]} {[%emt 00:04:32]} Nxf6 {[%clk 00:09:52]} {[%emt 00:00:25]}
24. fxe5 {[%clk 00:24:11]} {[%emt 00:00:22]} Nd5 {[%clk 00:09:55]} {[%emt
00:00:27]} 25. Rc1 {[%clk 00:18:36]} {[%emt 00:06:04]} b5 {[%clk 00:10:10]}
{[%emt 00:00:17]} 26. Rf3 {[%clk 00:16:38]} {[%emt 00:02:27]} a5 {[%clk
00:10:01]} {[%emt 00:00:39]} 1/2-1/2